00713nam a22002297a 450000500170000001000110001702000220002803500110005003700160006104000120007708200110008910000280010024500470012826000410017527000530021630000200026965000220028965000170031194200200032899900190034895201160036720170124110127.0 a510583 c00.00a0002110504 a510583 bCen Lib/Ret aDPLbEN aNbPOR aPortis, Charles 931672 aTrue grit :cby Charles Porits ba novel / aNew York bSimon and Schuster c1968 bNew York arockefeller center, 630 fifth avenue  a223p.c19cm(Hb) aLiterature 96262 aNovel922513 2ddccENhNmPOR c131402d131402 00104070aLbLd2015-07-14eCen Lib/Retg0.00l0oN PORp510583r2015-07-14 00:00:00t1v0.00w2015-07-14yEN